| 000 | 00806nam a2200229Ia 4500 | ||
|---|---|---|---|
| 003 | GCL | ||
| 008 | 140319s9999 xx 000 0 ara d | ||
| 040 |
_aGCL / _cGCL |
||
| 082 | 0 | 4 |
_a570 _bج ن |
| 100 | 1 | _aاحمد مستجير | |
| 245 | 1 | 0 |
_aنبش الماضى : _bعلم الاثار القديمة والبحث عن الدنا القديم / _cاحمد مستجير |
| 700 | 1 | _aجونز، مارتين | |
| 250 | _aالاولى | ||
| 260 |
_aالقاهرة : _bدار العين للنشر ، _c2003 |
||
| 300 |
_a323 ص ؛ _c24 سم |
||
| 650 | 0 | 4 | _aالنشوء والارتقاء |
| 650 | 0 | 4 | _aالتاريخ الطبيعى |
| 650 | 0 | 4 | _aالتغير البيولوجى |
| 650 | 0 | 4 | _aالمركبات العضوية |
| 650 | 0 | 4 | _aالاحياء، علم - البحوث |
| 942 |
_2ddc _cBK |
||
| 999 |
_c9778 _d9778 |
||